[Event "Ciocaltea Memorial"]
[Site "Bucharest"]
[Date "2003.03.09"]
[Round "6"]
[White "Grigore, Nicolae Petre"]
[Black "Iordachescu, Viorel"]
[Result "0-1"]
[WhiteElo "2391"]
[BlackElo "2550"]
[Annotator "Erenburg,S"]
[PlyCount "54"]
[EventDate "2003.03.04"]
[EventType "tourn"]
[EventRounds "13"]
[EventCountry "ROU"]
[EventCategory "9"]
[SourceTitle "CBM 094"]
[Source "ChessBase"]
[SourceDate "2003.05.26"]
[SourceVersion "1"]
[SourceVersionDate "2003.05.26"]
[SourceQuality "1"]

1. e4 g6 2. d4 Bg7 3. Nf3 d6 4. Nc3 c6 5. Be3 Nf6 6. Qd2 b5 {Black has two
main options: 1) do not hurry with the castle, but to try to get the
counterplay on the queenside immediately with b7-b5; or 2) to castle and after
this to choose between b7-b5 and the plan with e7-e5. As we see black chose
the first option.} ({Another option was} 6... O-O 7. Bh6 Bg4 (7... Qa5 8. h4
Bg4 9. Bxg7 Kxg7 10. e5 dxe5 11. Nxe5 h5 12. f3 Be6 13. Bc4 Bxc4 14. Nxc4 Qc7
15. O-O-O $14 {Stripunsky,A-Vulicevic,N/Manhattan 1998}) 8. Bxg7 (8. O-O-O $5 {
0-1 Reefat,B-Nikolic,P/Istanbul 2000/EXT 2001/[Finkel,A] (42)}) (8. e5 dxe5 9.
Bxg7 Kxg7 10. Nxe5 Be6 11. Bc4 {1/2-1/2 Hauchard,A-Chabanon,J/FRA-ch 1997}) (8.
Be2 Bxf3 9. Bxf3 e5 10. dxe5 Bxh6 11. Qxh6 dxe5 12. h4 Na6 13. h5 Nc5 14. g4
Qe7 15. O-O-O $36 {Pert,R-Kulaots,K/S&W Masters 8th op 1998}) 8... Kxg7 9. Ng5
(9. Be2 Bxf3 (9... Qa5 10. e5 (10. h3 Bxf3 11. Bxf3 Nbd7 12. g4 Nb6 13. Be2 Na4
14. g5 Nd7 15. Nxa4 Qxa4 16. b3 $14 {Mainka,R-Jansa,V/Prague Chip 1992}) 10...
dxe5 11. dxe5 Nfd7 12. O-O-O Bxf3 13. Bxf3 Nxe5 14. Be2 b5 15. h4 b4 16. Nb1 f6
17. f4 Nf7 18. Qe3 $44 {Ricardi,P-Spangenberg,H/Buenos Aires Najdorf op 1993})
10. Bxf3 e5 11. O-O-O Na6 12. g4 h6 13. Ne2 Nh7 14. h4 Qf6 15. Qe3 Nc7 16. d5
$14 {Kindermann,S-Chabanon,J/Lippstadt 1993}) 9... b5 10. h3 Bc8 11. Bd3 e5 12.
dxe5 dxe5 13. O-O {1/2-1/2 Naiditsch,A-Van der Wiel,J/Essen 2001/CBM 83/
[Finkel,A] (42)} (13. a4 b4 14. Ne2 a5 (14... c5 $6 15. Qe3 Qe7 16. O-O Nc6 17.
c3 $14 {Yagupov,I-Irzhanov,R/RUS-Cup06 1998}) 15. f4 Nbd7 16. O-O Qe7 17. Rf2
Ne8 18. Nf3 f6 19. Ng3 exf4 20. Qxf4 Nd6 $132 {Sadler,M-Szmetan,J/Buenos Aires
Najdorf 1995})) (6... Qa5 7. h3 Nbd7 8. Bd3 e5 9. O-O O-O 10. dxe5 dxe5 11. Nd5
Qd8 12. Nxf6+ Nxf6 13. Rad1 $14 {0-1 Tirard,H-Delchev,A/Hyeres 2001/EXT 2002 
(27)}) (6... Bg4 {See commented game 1-0 Piket,J-Minasian,A/Montecatini Terme
2000/CBM 79/[Finkel,A] (48)}) 7. Bh6 O-O (7... Bxh6 8. Qxh6 b4 9. Nb1 Nxe4 10.
Qg7 Rf8 11. Qxh7 Qa5 12. Nbd2 Nxd2 13. Nxd2 Qd5 14. Qh4 g5 15. Qe4 Bf5 $11 {
1/2-1/2 Beikert,G-Sokolov,A/Viernheim 1995/CBM 50 ext (27)}) 8. Bd3 Bg4 9. Bxg7
Kxg7 10. Ng5 {preparing the attack on the black king.} (10. Qf4 $5 {[%cal
Ge4e5]} Bxf3 11. Qxf3 Nbd7 $14 {/=}) (10. e5 $6 {1-0 Adams,M-Shirov,A/Dos
Hermanas 1995/CBM 47/[Stohl] (60)}) 10... e5 (10... h6 11. h3 Bh5 (11... Bc8
12. Nf3) 12. Nxf7 $5 Rxf7 13. g4 $36) 11. dxe5 dxe5 12. f3 $6 {Usually white
doesn't push forward his "f" pawn, but plays} (12. h3 {See 1/2-1/2 Yagupov,
I-Irzhanov,R/Nizhnij Novgorod 1998/EXT 2000/[Yudasin,L] (45)}) 12... Bc8 13. h4
$6 {After this white's knight hasn't any good square to retreat, except of h3.}
({Deserves attention} 13. f4 $5 {[%cal Yg5f3]} Nbd7 14. O-O-O exf4 15. Qxf4 Qe7
$11) 13... h6 {Now we see the defect of the white's 12-th move, which
prevented the retreat of white knight to f3.} 14. Nh3 Bxh3 $146 (14... Nh5 $6
15. g4 $1 Ng3 $2 16. Rh2 Qxh4 17. Qf2 {[%csl Rg3]}) (14... Nbd7 15. O-O-O Nc5
16. Kb1 Bxh3 17. Rxh3 Qe7 $11 {0-1 Gadjily,R-Zubarev,A/Polanica Zdroj 2000/EXT
2001 (44)}) 15. Rxh3 Nbd7 16. h5 $2 {Grigore is too optimistic. White
sacrifices the pawn, but the position doesn't offer any chance for getting the
compensation.} ({Better was} 16. O-O-O {giving up on the attack on the black
monarch with approximately equal position.}) 16... Nxh5 $17 17. O-O-O ({After} 
17. Ne2 {the safest way to get the advantage is} Qg5 $17) (17. g3 $6 Nc5) 17...
Nc5 ({Of course not} 17... Qg5 $2 18. Qxg5 hxg5 19. Bxb5 $1 $14) 18. g3 {
Other moves couldn't change the estimation of the position. In all three cases
black easily parries the white threats.} (18. Ne2 Qg5 $17) (18. Rdh1 Qg5 $17) (
18. g4 Nf4 $19) 18... Qg5 $17 19. f4 {White tries to keep some tension, but it
costs him an exchange. The black's material advantage is going to growth
without any danger for black monarch, thus, without any compensation for white.
} ({More resistant was} 19. Qxg5 hxg5 $17) 19... exf4 20. Rxh5 (20. g4 Nf6 $19)
20... Qxh5 $19 {Black's material advantage is exchange and pawn, white didn't
succeed anything special with his attack on the black king, so the rest is a
matter of an easy technique.} 21. gxf4 Rad8 22. Qe3 Ne6 23. e5 Nd4 {Black
activizes his pieces in order to strike the decisive blow.} 24. Rf1 Nf5 25. Qg1
Qh3 26. Nd1 Rxd3 {The simplest way to victory.} 27. cxd3 Qxd3 (27... Qxd3 28.
Qf2 Rd8 29. Re1 (29. Nc3 Qe3+ $19) 29... Rd4 {[%cal Gd3c4]} 30. b3 c5 $19) 0-1

[Event "EU-chT (Men) 14th"]
[Site "Plovdiv"]
[Date "2003.10.20"]
[Round "9.3"]
[White "Kristjansson, Stefan"]
[Black "Neubauer, Martin"]
[Result "1-0"]
[WhiteElo "2403"]
[BlackElo "2434"]
[Annotator "Erenburg,S"]
[PlyCount "49"]
[EventDate "2003.10.10"]
[EventType "team-swiss"]
[EventRounds "9"]
[EventCountry "BUL"]
[SourceTitle "CBM 098"]
[Source "ChessBase"]
[SourceDate "2004.02.03"]
[SourceVersion "1"]
[SourceVersionDate "2004.02.03"]
[SourceQuality "1"]
[WhiteTeam "Iceland"]
[BlackTeam "Austria"]
[WhiteTeamCountry "ISL"]
[BlackTeamCountry "AUT"]

1. e4 d6 2. d4 Nf6 3. Nc3 g6 4. Nf3 Bg7 5. Be3 a6 6. h3 {covering the g4
square, that makes possible the breakthrough e4-e5. White has the following
alternatives:} (6. a4 {1/2-1/2 Hansen,C-Agrest,E/Harplinge 1998/CBM 67/
[Yudasin,L] (27)}) (6. Bd3 Bg4 7. h3 Bxf3 8. Qxf3 Nc6 9. Qd1 (9. O-O-O $5) 9...
O-O 10. O-O Nd7 11. Be2 (11. d5 $5) 11... e5 12. dxe5 dxe5 13. Bc4 $14 {
1/2-1/2 Emms,J-Khalifman,A/Bad Woerishofen 1996/EXT 97 (24)}) (6. Qd2 b5 7. Bh6
O-O 8. Bd3 Nc6 9. e5 $6 (9. Nd5 $5) 9... dxe5 10. dxe5 Ng4 11. Bxg7 Kxg7 12.
Qf4 Ncxe5 13. Nxe5 Qd6 14. Nxg6 $11 {0-1 Sadler,M-Ivanchuk,V/Monte Carlo 1998/
CBM 63 ext (50)}) 6... b5 ({Of course, more logical is firstly to castle, and
only after it to push forwards the pawns:} 6... O-O) 7. e5 {The most principal
reply. White could continue to complete the development with} (7. Bd3 {1/2-1/2
Korotylev,A-Balashov,Y/Nizhnij Novgorod 1998/EXT 2000/[Yudasin,L] (25)}) 7...
Nfd7 {Black doesn't equalize after} (7... dxe5 8. dxe5 Nfd7 9. Ng5 O-O 10. e6
Ne5 11. exf7+ (11. f4 f6 $13) 11... Nxf7 12. Nxf7 Qxd1+ 13. Rxd1 Kxf7 14. Bd3
$14 {1/2-1/2 Ivanovic,B-Klinova,M/XXI Open, Metz FRA 2003 (57)}) 8. Ng5 {
White plays very aggressively, hoping, that this is the precisest way to
punish black for his opening strategy. Now he is threatening Qf3, as well as
the breakthrough e5-e6 in the air.} (8. Bd3 $5 dxe5 9. Be4 c6 10. dxe5 Nxe5 11.
Qxd8+ Kxd8 12. O-O-O+ Kc7 13. Bf4 f6 14. Nxe5 fxe5 $14 {1-0 Klinova,M-Lanneau,
B/XXI Open, Metz FRA 2003 (23)}) 8... Nb6 {Probably the only move.} 9. a4 $146
{This aggressive continuation is novelty. The idea of this move is, of course,
to drive away the black knight from b6. In the previous games white tried} (9.
e6 Bxe6 10. Nxe6 fxe6 11. h4 Nc6 12. h5 Qd7 13. g3 $6 (13. hxg6 hxg6 14. Rxh8+
Bxh8 15. Qd3 O-O-O $140 16. a4 $1) 13... d5 14. hxg6 hxg6 15. Rxh8+ Bxh8 16.
Qg4 O-O-O 17. Bh3 $6 e5 $15 {0-1 Naylor,J-Houska,M/Scarborough 1999/CBM 71 ext
(41)}) (9. Qf3 O-O 10. Bd3 (10. O-O-O f6 $1) 10... c6 11. h4 h6 12. Nh3 dxe5
13. dxe5 Nd5 14. h5 Nd7 $15 {1/2-1/2 Jansa,V-Elsness,F/Gausdal 1993/TD (61)})
9... b4 {seems like the best decision. Other moves allow white to get an
advantage:} (9... dxe5 10. a5 (10. Qf3 O-O 11. dxe5 c6 12. Rd1 Qc7 $132) 10...
N6d7 11. dxe5 (11. Qf3 O-O $13) 11... Nxe5 (11... O-O 12. e6 $16) 12. Qxd8+
Kxd8 13. Bd4 (13. Rd1+ $5 Bd7 14. Bd4 Nbc6 15. Nxf7+ Nxf7 16. Bxg7 Rg8 17. Bd4
$14) 13... Nbc6 14. Nxf7+ Nxf7 15. Bxg7 Rg8 16. O-O-O+ Nd6 (16... Ke8 17. Bxb5
$1 $16) 17. Bh6 Nxa5 18. Be2 $44) (9... O-O 10. exd6 (10. axb5 dxe5) 10... exd6
11. axb5 Re8 12. Nf3 $14) (9... c6 10. a5 $1 (10. axb5 axb5 11. Rxa8 Nxa8 $11
12. Qf3 $140 O-O 13. Bxb5 $2 h6 14. Bxc6 Nxc6 15. Qxc6 Bd7 $17) 10... Nc4 11.
Bxc4 bxc4 12. Qe2 $14) 10. a5 $1 {That was the idea behind white's 9-th move
a2-a4.} bxc3 (10... O-O 11. axb6 bxc3 12. e6 {-the game.}) 11. axb6 O-O {
Better later, than never!} (11... cxb2 12. Rb1 O-O 13. e6) (11... cxb6 12. Qf3
$18) (11... c6 12. b7 $1 Bxb7 13. e6) 12. e6 $1 {Two pawns on the 6-th rank
with active knight on g5 cause black serious problems.} (12. Qf3 c6) (12. bxc3
cxb6 13. Qf3 Qc7 $1 $15) 12... Bxe6 {Again the strongest continuation. Other
ones are much worse:} (12... cxb2 13. Rb1 Bxe6 (13... fxe6 14. b7 Bxb7 15. Nxe6
Qc8 16. Nxf8 $16) (13... cxb6 14. exf7+ Kh8 (14... Rxf7 15. Nxf7 Kxf7 16. Qf3+
Bf6 17. Qxa8 Qc7 18. Qf3 Qc3+ 19. Kd1 $18) 15. Bd3 $1 $40 {[%cal Gg5h7,Gh3h4,
Gh4h5]}) 14. b7 Ra7 15. d5 {-the game.}) (12... cxb6 13. exf7+ Kh8 14. Bd3 $40)
13. b7 Ra7 14. d5 {White wins the bishop, but, black has already captured
quite many pawns for it. In addition, white's monarch isn't safe yet, so the
position isn't clear at all.} cxb2 15. Rb1 Rxb7 $2 {Black does mistake after
an exact play till now. He could get an unclear position after} (15... Bxd5 $1
16. Bxa7 (16. Qxd5 c5 17. Bc4 e6 18. Qd2 Rxb7 $13) 16... Bc3+ $5 (16... Ba2 $5
17. Bd3 (17. Bd4 Bxd4 18. Qxd4 Bxb1 19. Qxb2 c6 $1 $17 {[%cal Gd8a5]}) 17... c5
(17... Bc3+) 18. O-O Bxb1 19. Qxb1 Nc6 $15) 17. Ke2 Ba2 18. Ne4 Bg7 19. Bd4
Bxd4 20. Qxd4 Bxb1 21. Qxb2 Qd7 22. Qxb1 Qe6 $13) ({Dubious is} 15... Bc3+ $6
16. Ke2 Bxd5 (16... Rxb7 17. dxe6 f6 18. Nf7 Qe8 19. Qd3 {Black currently has
two pawns for a piece and some compensation, which, probably isn't sufficient.}
) 17. Qxd5 c5 18. Qb3 $14) 16. dxe6 $16 {White has a material advantage, while
black cannot use his development advantage.} f6 $6 {worsens position even more.
} (16... Bc3+ 17. Bd2 $16) ({After} 16... f5 {white has to be careful not to
throw away his advantage:} 17. Nf7 Qe8 18. Bc4 Rb4 (18... f4 19. Bd4 $1) 19.
Bd5 $1 $16) 17. Nf7 Qc8 $6 {Better was} (17... Qe8 18. Bc4 $16) 18. Bc4 c6 $2 {
loses on the spot.} (18... Qe8 19. Bb3 $18) {[%tqu "En","Please find a way to
increase big advantage to decisive one.","","","f7d6","",10]} 19. Nxd6 $1 exd6
20. e7+ Rf7 21. Qxd6 $18 {Black is hopeless against white's threats.} Qe8 22.
Bc5 ({Wins quicklier:} 22. Rxb2 Qxe7 (22... Rxb2 23. Qd8 $18) 23. Qxe7 Rbxe7
24. Rxb8+ $18) 22... Nd7 23. Qxc6 Rb8 24. Bxf7+ Kxf7 (24... Qxf7 25. Qxd7 $18)
25. Qd5# 1-0

[Event "Dubai op 6th"]
[Site "Dubai"]
[Date "2004.04.23"]
[Round "5"]
[White "Mamedov, Nidjat"]
[Black "Iordachescu, Viorel"]
[Result "0-1"]
[WhiteElo "2463"]
[BlackElo "2627"]
[Annotator "Erenburg,S"]
[PlyCount "60"]
[EventDate "2004.04.19"]
[EventType "swiss"]
[EventRounds "9"]
[EventCountry "UAE"]
[SourceTitle "CBM 101"]
[Source "ChessBase"]
[SourceDate "2004.07.27"]
[SourceVersion "1"]
[SourceVersionDate "2004.07.27"]
[SourceQuality "1"]

1. e4 g6 2. d4 Bg7 3. Nc3 c6 4. Nf3 d6 5. h3 {preventing from black a
theoretical possibility of Bg4.} Nf6 6. Be2 O-O 7. O-O Qc7 {preparing to carry
out e7-e5. Other options are:} (7... Nbd7 8. e5 {0-1 Campora,D-Marin,M/
Istanbul 2000/EXT 2001/[Marin,M] (62)}) (7... b5 8. e5 Ne8 9. Bf4 {1-0
Finnlaugsson,G-Petermann,H/Reykjavik 1998/CBM 64/[Yudasin,L] (62)}) 8. a4 {
White prevents from black to play b7-b5, thus, keeps his space advantage.
Interesting alternative is} (8. Bf4 {1/2-1/2 Yevseev,D-Kornev,A/Nefteyugansk
2002/CBM 92/[Erenburg] (30)}) 8... Nbd7 9. a5 e5 10. Re1 {White improves the
position of his pieces. White is protecting e4 pawn and now he is ready for
opening "e" file.} (10. dxe5 Nxe5 (10... dxe5 11. Be3 (11. b4 Rd8 12. Bd3 Bf8
13. Rb1 $14) 11... Rd8 12. Nd2 Bf8 13. Qe1 Nc5 $10) 11. Be3 $14 {1/2-1/2
Zarnicki,P-Ginzburg,M/Buenos Aires 1998/CBM 65/[Yudasin,L] (35)}) 10... Re8 (
10... exd4 11. Nxd4 Re8 12. Bf1 Nc5 $132) 11. dxe5 {In my opinion, after this
move white cannot achieve an advantage. The reason is simple: white gave up on
central square d4. Much more principal is} (11. Bf1 exd4 12. Nxd4 Nc5 13. f3
Nh5 14. Nde2 f5 15. exf5 d5 16. fxg6 hxg6 17. g4 d4 18. Na4 d3 19. gxh5 Bxh3
20. Bxh3 dxe2 21. Rxe2 Qg3+ 22. Bg2 Rad8 23. Rxe8+ Rxe8 24. Be3 $18 {1-0
Dannevig,O-Gabrielsen,S/NOR-ch Stavanger 1997 (33)}) 11... dxe5 12. Be3 Nf8 {
preparing to get the light-squared bishop into the game.} 13. Bc4 h6 {covering
the g5 square. Actually, immediate Be6 equalizes the game. But, probably,
Iordachescu is already trying to seize the initiative.} (13... Be6 14. Qe2 b5
15. axb6 axb6 16. Ng5 Bxc4 17. Qxc4 h6 18. Nf3 Ne6 $11) 14. Qc1 $6 $146 {
New move, according to my database. I think, that the maneouvre Qd1-b1-a2
isn't a good idea in this position. Probably, better to play Qe2 with
approximately equal position. In the previous game white didn't equalzie after}
(14. Qb1 Be6 15. Qa2 b5 16. Bxe6 Nxe6 17. b4 Rad8 18. Rad1 Nh5 19. Ne2 Nhf4 20.
Nxf4 exf4 21. Bc1 c5 $15 {1/2-1/2 Cifuentes Parada,R-Azmaiparashvili,Z/Oviedo
1993/CBM 38 ext (51)}) (14. Qe2 Be6 $11) 14... Kh7 15. Qb1 Be6 16. Qa2 b5 $1 {
That's the point! Now white needs to choose between two types of positions,
which both of them are worse for him...} 17. axb6 ({In case of} 17. Bxe6 Nxe6
$15 {/=. Black's chances are preferable, due to white's a5 pawn and passive
position of white queen.}) 17... axb6 18. Qb3 b5 19. Bxe6 Nxe6 $15 {Black has
got everything he wanted from opening. Black will transfer his dark-sqaured
bishop to f8-a3 diagonal, that will emphasize the defect of white queen's
location.} 20. Rxa8 (20. Red1 Bf8 $15) 20... Rxa8 21. Nd2 {I don't know what
was the exact idea of this move, but it is extremely hard to give white a good
advice...} Qa5 $1 {, occupying the "a" file, and, threatening Nd4.} (21... Bf8
$15 {[%cal Ge6c5] comes to consideration.}) 22. Rf1 (22. Rd1 Rd8 $15) 22... Kg8
$1 {[%csl Gf7][%cal Yg8f7,Ye6d4] protecting f7 pawn, thus, preparing Nd4.} 23.
Ncb1 Nd4 $1 24. Bxd4 exd4 $15 {Now it's clear, that black's position is better,
as his pieces are located better than white's ones.} 25. e5 Nd5 26. Nf3 Qa4 27.
Qd3 ({White cannot trade the queens:} 27. Qxa4 bxa4 $1 {opening the "b" file.}
28. Na3 Rb8 29. Nc4 Rb4 30. Nfd2 Nb6 $17) 27... Nf4 28. Qe4 $2 {allowing black
to get an obvious advantage. Better was} (28. Qd2 Ne6 29. Rd1 Qc4 $15) 28... d3
$1 29. Qxc6 $6 {After a trade of queens the endgame is almost winning for
black, but there were more chances for white, than in the game...} (29. cxd3
Qxe4 30. dxe4 Nd3 31. b3 Nxe5 $17) 29... dxc2 30. Nc3 {The following
continuations are more resistant, but, anyway, black's advantage is decisive:}
(30. Na3 Ne2+ 31. Kh1 c1=Q 32. Rxc1 Nxc1 33. Qxc1 Rd8 $19) (30. Nbd2 Ne2+ 31.
Kh1 c1=Q 32. Rxc1 Nxc1 33. Qxc1 Qa1 $19) {[%tqu "En","Please find the winnning
move for black.","","","a4a1","",10]} 30... Qa1 $1 {promoting the pawn.} 0-1